Kỷ yếu hội thảo biện pháp nâng cao năng suất lúa hè thu ở ĐBSCL (Ngày 10/01/2003 tại Khoa Nông nghiệp - Trường Đại học Cần Thơ)

Nội dung tài liệu tập hợp các bài nghiên cứu khoa học về các biện pháp nâng cao năng suất lúa hè thu ở khu vực Đồng Bằng Sông Cửu Long

محفوظ في:
التفاصيل البيبلوغرافية
مؤلفون مشاركون: Trường Đại học Cần Thơ, Khoa Nông nghiệp
التنسيق: كتاب
اللغة:Undetermined
منشور في: Cần Thơ Trường Đại học Cần Thơ 2003
الموضوعات:
الوسوم: إضافة وسم
لا توجد وسوم, كن أول من يضع وسما على هذه التسجيلة!
Thư viện lưu trữ: Trung tâm Học liệu Trường Đại học Cần Thơ
LEADER 01011nam a2200217Ia 4500
001 CTU_139036
008 210402s9999 xx 000 0 und d
082 |a 631.4 
082 |b Tr561 
110 |a Trường Đại học Cần Thơ 
110 |b Khoa Nông nghiệp 
245 0 |a Kỷ yếu hội thảo biện pháp nâng cao năng suất lúa hè thu ở ĐBSCL 
245 0 |b (Ngày 10/01/2003 tại Khoa Nông nghiệp - Trường Đại học Cần Thơ) 
245 0 |c Trường Đại học Cần Thơ. Khoa Nông nghiệp 
260 |a Cần Thơ 
260 |b Trường Đại học Cần Thơ 
260 |c 2003 
520 |a Nội dung tài liệu tập hợp các bài nghiên cứu khoa học về các biện pháp nâng cao năng suất lúa hè thu ở khu vực Đồng Bằng Sông Cửu Long 
650 |a Rice 
904 |i Duy Bằng 
980 |a Trung tâm Học liệu Trường Đại học Cần Thơ